La vida maestra : (Record no. 31685)

MARC details
000 -CABECERA
campo de control de longitud fija 00633nam a2200205 a 4500
005 - FECHA Y HORA DE LA ÚLTIMA TRANSACCIÓN
campo de control 20230527063611.0
008 - ELEMENTOS DE LONGITUD FIJA--INFORMACIÓN GENERAL
campo de control de longitud fija 991125n2001 [s. 000 0 spa u
020 ## - NÚMERO INTERNACIONAL NORMALIZADO PARA LIBROS
Número Internacional Estándar del Libro 8433016334
035 ## - NÚMERO DE CONTROL DEL SISTEMA
Número de control de sistema UPN01000031685
049 ## - COLECCIÓN
Colección CG
050 #4 - SIGNATURA TOPOGRÁFICA DE LA BIBLIOTECA DEL CONGRESO
Número de clasificación BF637 S4
Número de documento/Ítem T6.8
100 1# - ASIENTO PRINCIPAL--NOMBRE PERSONAL
Nombre de persona Toro, José María
245 13 - MENCIÓN DE TÍTULO
Título La vida maestra :
Resto del título el cotidiano como proceso de realización personal /
Mención de responsabilidad, etc. José María Toro.
260 ## - PUBLICACIÓN, DISTRIBUCIÓN, ETC.
Lugar de publicación, distribución, etc. Bilbao, Esp. :
Nombre del editor, distribuidor, etc. Desclée de Brouwer,
Fecha de publicación, distribución, etc. 2001.
300 ## - DESCRIPCIÓN FÍSICA
Extensión 167 p. :
Otras características físicas il.
440 #0 - MENCIÓN DE SERIE/ASIENTO SECUNDARIO--TÍTULO
Título Serendipity.
Nombre de parte o sección de la obra Maior ;
Designación de volumen o secuencia 14
650 #4 - ASIENTO SECUNDARIO DE MATERIA - TERMINO TEMATICO
Término de materia o nombre geográfico como elemento de entrada AUTORREALIZACION (PSICOLOGIA)
9 (RLIN) 4106
650 #4 - ASIENTO SECUNDARIO DE MATERIA - TERMINO TEMATICO
Término de materia o nombre geográfico como elemento de entrada Conducta de vida
9 (RLIN) 4416
905 ## - TIPO DE MATERIAL
Tipo de material Libro
Holdings
Estado de retiro Estado de pérdida Fuente del sistema de clasificación o colocación Estado dañado No para préstamo Código de colección Localización permanente Ubicación/localización actual Ubicación en estantería Fecha de adquisición Total de préstamos Clasificación Código de barras Fecha visto por última vez Número de copia Tipo de ítem Koha
    Library of Congress Classification     Colección General Bib. Gregorio Torres Quintero Bib. Gregorio Torres Quintero Planta baja 03/08/2023 1 BF637 S4 T6.8 238382 31/12/2020 1 Libro